| 000 | 01171nam a2200289 a 4500 | ||
|---|---|---|---|
| 001 | 14591283 | ||
| 008 | 170515s2007 ||||||||||||||||| || u | ||
| 010 | _a2006033374 | ||
| 020 | _a1416030808 | ||
| 020 | _a9781416030805 | ||
| 050 | _aRB 155 Nus | ||
| 100 | _aMcInnes, Roderick R | ||
| 245 | 1 | 0 |
_aThompson & Thompson genetics in medicine.( 7th ed) _cRobert L. Nussbaum, Roderick R. McInnes, Huntington F. Willard ; with clinical case studies updated and new cases prepared by Ada Hamosh. |
| 246 | _aThompson and Thompson genetics in medicine | ||
| 246 | _aGenetics in medicine | ||
| 250 | _a7th ed. | ||
| 260 |
_aPhiladelphia _bSaunders Elsevier _c2007 |
||
| 300 | _axi, 585 p. : ill | ||
| 350 | _a69.95 | ||
| 500 | _aIncludes bibliographical references and index. | ||
| 650 | 3 | _aGENETICS, MEDICAL | |
| 650 | 0 | _aMEDICAL GENETICS | |
| 700 | _aWillard, Huntington F | ||
| 700 | _aNussbaum, Robert L | ||
| 856 | _uhttp://www.loc.gov/catdir/toc/ecip072/2006033374.html | ||
| 995 |
_aMEDICAL LIBRARY OPEN ACCESS _e904018 _FCBU-SCHOOL OF MEDICINE LIBRARY (Ndola) _I69.95 _jRS 155 Nus _M1 _UAVAILABLE _WMay 12, 2017 _y904018 _ZMedical Library Open Access Collection |
||
| 999 |
_c32908 _d32908 |
||